LA SCIENZA E I GIOVANI. MARZO 1962. STUDENTI SCUOLE SECONDARIE SUPERIORI. CULTOTI MATEMATICA E FISICA ELEMENTARE. (Record n. 327045)

Dettagli MARC
000 -LEADER
fixed length control field 01329nas a2200277Ia 4500
001 - CONTROL NUMBER
control field R620-R8451
003 - CONTROL NUMBER IDENTIFIER
control field IT-CnALBA
008 - FIXED-LENGTH DATA ELEMENTS--GENERAL INFORMATION
fixed length control field 170116c99999999xx |||||||||||| ||und||
040 ## - CATALOGING SOURCE
Original cataloging agency IT-CnALBA
Transcribing agency IT-CnALBA
041 ## - LANGUAGE CODE
Language code of text/sound track or separate title ITALIANO
999 ## - SYSTEM CONTROL NUMBERS (KOHA)
Koha Dewey Subclass [OBSOLETE] NO
100 ## - MAIN ENTRY--PERSONAL NAME
Personal name GOSIO G.B., PROF.
210 ## - ABBREVIATED TITLE
Abbreviated title LA SCIENZA E I GIOVANI
222 ## - KEY TITLE
Key title LA SCIENZA E I GIOVANI
245 #0 - TITLE STATEMENT
Title LA SCIENZA E I GIOVANI. MARZO 1962. STUDENTI SCUOLE SECONDARIE SUPERIORI. CULTOTI MATEMATICA E FISICA ELEMENTARE.
250 ## - EDITION STATEMENT
Edition statement 1a ed.
260 ## - PUBLICATION, DISTRIBUTION, ETC. (IMPRINT)
Place of publication, distribution, etc. FIRENZE
Name of publisher, distributor, etc. LE MONNIER FELICE E SUCCESSORI
Date of publication, distribution, etc. 1962 [1° Ed.:1962 - Ed.Ling.Originale: 1962]
300 ## - PHYSICAL DESCRIPTION
Extent 96 p.
310 ## - CURRENT PUBLICATION FREQUENCY
Current publication frequency MENSILE
362 ## - DATES OF PUBLICATION AND/OR SEQUENTIAL DESIGNATION
Dates of publication and/or sequential designation Fascicolo: 3 / Anno: 11 (1962)
500 ## - GENERAL NOTE
General note LEZIONE DI LEONARDO. D'AGOSTINO S. EQUAZIONE COMPLETA DI III GRADO. DATAZIONE RITROVAMENTI ARCHEOLOGICI. IL GRANDE E IL PICCOLO. LIBRI. POSTA. PICCOLO DIZIONARIO MATEMATICA E FISICA. GARE. QUESTIONI A PREMI.
501 ## - WITH NOTE
With note Società San Paolo EM - Piazza San Paolo, 14 - 12051 ALBA (CN) (non commercial uses only) ® Copyright 2017
520 ## - SUMMARY, ETC.
Summary, etc. LEZIONE DI LEONARDO. D'AGOSTINO S. EQUAZIONE COMPLETA DI III GRADO. DATAZIONE RITROVAMENTI ARCHEOLOGICI. IL GRANDE E IL PICCOLO. LIBRI. POSTA. PICCOLO DIZIONARIO MATEMATICA E FISICA. GARE. QUESTIONI A PREMI.
650 ## - SUBJECT ADDED ENTRY--TOPICAL TERM
Topical term or geographic name as entry element SCIENZE PURE IN GENERE
942 ## - ADDED ENTRY ELEMENTS (KOHA)
Koha item type RIVISTA
957 ## -
-- 1
999 ## - SYSTEM CONTROL NUMBERS (KOHA)
-- 1
Dati di copia
Withdrawn status Lost status Damaged status Not for loan Home library Current library Date acquired Total Checkouts Full call number Date last seen Price effective from Koha item type Public note
    Buone Condizioni Not For Loan ALBA - Biblioteca ALBA - Biblioteca 16/01/2017   R620-R8451 16/01/2017 16/01/2017 RIVISTA (data import: 16 gennaio 2017) - By Epidotti, Vaglietti.
CREDITS: SOCIETA' SAN PAOLO Via A.Severo, 58 - ROMA (RM) & PERIODICI SAN PAOLO SRL Via Giotto, 36 MILANO & CISF Via Giotto, 36 MILANO & EDIZIONI SAN PAOLO SRL,  Piazza Soncino, 5 CINISELLO BALSAMO (MI) -- ITALY